| 000 | 01132nam a2200301 a 4500 | ||
|---|---|---|---|
| 001 | BRCA_8336 | ||
| 005 | 20190320210234.0 | ||
| 008 | 020714s1938----gw-a###f##---#000-0#ger-# | ||
| 041 | _ager | ||
| 044 | _agw | ||
| 050 | 4 |
_aN5330 _b.C87 1938 |
|
| 100 | 1 |
_aCurtius, Ludwig _918482 |
|
| 245 | 1 | 0 |
_aDie antike kunst _bdie klassische kunst Griechenlands: 1 Teil, 2 Teil _cvon Ludwig Curtius ; begründet von Fritz Burger ; herausgegeben von A. E. Brinckmann. |
| 260 |
_aAlemania _bAkademische Verlagsgesellschaft Athenaion _c1938 |
||
| 300 |
_a2 v. _bil. (algunas a color), 46 láminas _c29 cm. |
||
| 440 | 0 |
_aHandbuch der Kunstwissenschaft _920858 |
|
| 500 | _aVer también R41 (volumen 1) | ||
| 500 | _aR50 | ||
| 505 | 0 | _aContenido: v.1 Agypten und Vorderasien.-- v.2 Parte 1. Die klassische kunst Griechenlands. Parte 2. Die Hellenistische und Romische kunst | |
| 650 | 1 | 4 |
_aArte antiguo _xHistoria _96009 |
| 650 | 1 | 4 |
_aArte griego _920859 |
| 650 | 1 | 4 |
_aArte helénico _920860 |
| 650 | 1 | 4 |
_aArte Romano _914995 |
| 700 | 1 |
_aBurger, Fritz _920861 |
|
| 700 | 1 |
_aBrinckmann, A. E. _eed. _920862 |
|
| 902 | _aGFM | ||
| 942 |
_2lcc _cB |
||
| 999 |
_c8004 _d8004 |
||